000 00289nam a22001097a 4500
003 NUST
005 20260219105401.0
082 _a297.122,BUL
100 _aBalgrami, Syed Hamid Hasan
_9133329
245 _aFuyooz ul Quran فیوض القران /
_cSyed Hamid Hasan Balgrami
942 _2ddc
_cBK
999 _c616309
_d616309